[Event "Moron opJ"]
[Site "Moron"]
[Date "1992.??.??"]
[Round "2"]
[White "Malatino, Marcelo"]
[Black "Dolezal, Cristian"]
[Result "0-1"]
[WhiteElo "1860"]
[BlackElo "2255"]
[PlyCount "57"]
[EventDate "1992.??.??"]
[EventType "swiss"]
[EventRounds "7"]
[EventCountry "ARG"]
[SourceTitle "EXT 1998"]
[Source "ChessBase"]
[SourceDate "1997.11.17"]
[SourceVersion "1"]
[SourceVersionDate "1997.11.17"]
[SourceQuality "1"]

1. e4 c5 2. Nf3 e6 3. d4 cxd4 4. Nxd4 Nc6 5. Nc3 Qc7 6. Be3 a6 7. a4 Nf6 8. Be2 Bb4 9. f3 d5 10. Bd3 Nxd4 11. Bxd4 e5 12. Bf2 d4 13. 0-0 dxc3 14. bxc3 Bc5 15. Kh1 Bxf2 16. Rxf2 0-0 17. Qd2 Be6 18. f4 Rad8 19. Qc1 Qxc3 20. Qf1 Rd4 21. Re1 Bc4 22. fxe5 Nxe4 23. Rfe2 Bxd3 24. cxd3 Qxd3 25. Qg1 Rfd8 26. Re3 Qc2 27. R3e2 Qxa4 28. Qe3 Rd1 29. Qxe4 0-1